000 00902nam a22001337a 4500
040 _cRUA
082 _aAGR CHH 2014 B541 Or.1
100 _aCHHANN VIBOL; ឆាន់ វិបុល
245 _aComparison of different nitrogen rates combined with phosphorus and potassium on rice under rainy season conditions at the royal university of agriculture, ប្រៀបធៀបបរិមាណជីអាំសូតផ្សេងៗគ្នារួមផ្សំជាមួយផូស្វ័រ និងប៉ូតាស្យូមក្នុងលក្ខខណ្ឌស្រូវរដូវវស្សានៅសាកលវិទ្យាល័យភូមិន្ទកសិកម្ម
260 _aPhnom Penh
_bCHH
_c2014
300 _axii,61p.
_bill.
_c29cm.
856 _uhttps://drive.google.com/file/d/1cV9BeHVfVoF5ioQoVVwQfIVW8VfgoJAG/view?usp=sharing
942 _cAGR
999 _c10985
_d10985